00440 a2200109 4500001001000000005001700010008004100027245007000068100002700138773014800165999001700313ART_4163420260410162023.0260409a 10aContratación de investigación y desarrollo con la universidad1 aCorrea, Carlos María0 tRevista del derecho industrialgContratos de investigación : Vinculación Universidad-Empresa - Año XIV, Nº 40 (ene./abr. 1992)wREV41547 c33320d33320